Pro Wrestlers of the 80's and 90's - Click Quiz - Statistics

General Stats
  • This quiz has been taken 20 times
  • The average score is 23 of 30
Answer Stats
Hint Answer % Correct
Andre "The Giant"
100%
The Rock
100%
Hulk Hogan
94%
"Macho Man" Randy Savage
94%
"Stone Cold" Steve Austin
94%
Rey Mysterio Jr.
94%
Triple H
88%
"The Heartbreak Kid" Shawn Michaels
88%
Jake "The Snake" Roberts
88%
"The Nature Boy" Ric Flair
81%
"The Million Dollar Man" Ted Dibiase
81%
The Undertaker
81%
Bret "The Hitman" Hart
81%
The Iron Sheik
81%
Sid Vicious
75%
Dusty Rhodes
75%
"Rowdy" Roddy Piper
75%
Sting
75%
Diamond Dallas Page
69%
Mick Foley
69%
"Mr. Perfect" Curt Hennig
69%
Terry Funk
63%
Rob Van Dam
63%
Big Van Vader
63%
Ricky Steamboat
63%
"Ravishing" Rick Rude
56%
Scott Hall
56%
Kevin Nash
56%
Sabu
50%
Ron Simmons
50%
No matching quizzes found
Score Distribution
Percent of People with Each Score
Percentile by Number Answered
Your Score History
You have not taken this quiz